Statistics for NHL Mosts Quiz

Click here to take the quiz!

General Stats

  • This quiz has been taken 88 times
  • The average score is 8 of 91

Answer Stats

CategoryAmountPlayer% Correct
Points2857Wayne Gretzky
100%
Goals894Wayne Gretzky
96%
Assists1963Wayne Gretzky
93%
Games Played1767Gordie Howe
74%
Penalty Minutes3966Dave Williams
48%
Tallest Player2.06 Meters/6 Feet 9 InchesZdeno Chára
28%
Shorthanded Points149Wayne Gretzky
26%
Shorthanded Goals73Wayne Gretzky
26%
Plus-Minus730Larry Robinson
22%
Goalie Wins691Martin Brodeur
21%
Shutouts125Martin Brodeur
17%
Assists by a Goalie45Martin Brodeur
17%
Goals by a Goalie2Martin Brodeur
17%
Points Per Game Average1.92Wayne Gretzky
17%
Goalie Losses397Martin Brodeur
15%
Time on Ice by a Goalie74438 Minutes and 20 SecondsMartin Brodeur
15%
Assists Per Game Average1.22Wayne Gretzky
15%
Power Play Goals274Dave Andreychuk
13%
Shorthanded Assists76Wayne Gretzky
13%
Shots Against a Goalie31709Martin Brodeur
12%
Goals Against a Goalie2781Martin Brodeur
11%
Shots6206Ray Bourque
11%
Short Handed Assists76Wayne Gretzky
10%
Shorthanded Shots Against830Martin Brodeur
9%
Overtime Goals19Jaromir Jagr
6%
Game Winning Goals130Jaromir Jagr
6%
Penalty Minutes by a Goalie480Ron Hextall
6%
Even Strength Goals513Jaromir Jagr
5%
Power Play Points631Joe Sakic
5%
Even Strength Points1215Jaromir Jagr
4%
Power Play Shots1224Alex Ovechkin
2%
Shootout Shots93Alex Ovechkin
2%
Shootout Game Deciding Goals17Frans Nielsen
2%
Takeaways925Pavel Datsyuk
2%
Goalie Overtime Losses75Roberto Luongo
2%
Power Play Shots Against5315Roberto Luongo
2%
Power Play Saves4693Roberto Luongo
2%
Shootout Losses50Roberto Luongo
2%
Misconduct Penalties95Tie Domi
2%
Major Penalty Minutes273Tie Domi
2%
Power Play Missed Shots544Alex Ovechkin
1%
Missed Shots1713Alex Ovechkin
1%
Hits2619Dustin Brown
1%
Power Play Goals Against718Ed Belfour
1%
Shootout Goals41Frans Nielsen
1%
Faceoffs22298Joe Thornton
1%
Faceoff Losses10559Joe Thornton
1%
Faceoff Wins11739Joe Thornton
1%
Shorthanded Time on Ice4595 Minutes and 47 SecondsNicklas Lidstrom
1%
Penalty Shot Goals7Pavel Bure
1%
Shorthanded Saves753Roberto Luongo
1%
Shootout Wins53Ryan Miller
1%
Goalie Ties172Terry Sawchuk
1%
Power Play Takeaways91Alex Ovechkin/Andrei Markov
0%
Penalties in a Game7Andrei Nazarov
0%
First Goals in a Game131Brett Hull
0%
Penalty Minutes per Game Average9 Minutes and 39 SecondsBrian Chapman
0%
Shorthanded Shots236Brian Rolston
0%
Shorthanded Save Percentage.979Dany Sabourin
0%
Penalties941Dave Manson
0%
Heaviest Player265 Pounds/122 KilogramsDerek Boogaard
0%
Goals Per Game Average1.25Édouard Cyrille Lalonde
0%
Game Misconduct Penalties30Gino Odjick/Shane Churla/Bryan Marchment
0%
Shorthanded Giveaways109Hal Gill
0%
Shootout Saves250Henrik Lundqvist
0%
Power Play Giveaways221Ilya Kovalchuk
0%
Even Strength Assists702Jaromir Jagr
0%
Power Play Faceoff Wins2345Joe Thornton
0%
Giveaways952Joe Thornton
0%
Power Play Faceof Losses1860Joe Thornton
0%
Shorthanded Faceoff Losses1795John Madden
0%
Shorthanded Goals Against109John Vanbiesbrouck
0%
Goals Against Average0.50Mackenzie Skapski
0%
Save Percentage.978Mackenzie Skapski
0%
Empty Net Goals36Marian Hossa
0%
Shorthanded Takeaways123Marian Hossa
0%
Shootout Save Percentage.905Martin Jones
0%
Power Play Save Percentage.971Matthew Yeats
0%
Power Play Assists458Nicklas Lidstrom
0%
Minor Penalty Minutes829Pat Verbeek
0%
Shootout Goals Against114Roberto Lungo
0%
Shootout Shots Against352Roberto Lungo
0%
Shorthanded Faceoff Wins1883Rod Brind'Amour
0%
Power Play Blocked Shots70Sergei Gonchar
0%
Power Play Time on Ice5381 Minutes and 28 SecondsSergei Gonchar
0%
Power Play Hits259Shane Doan
0%
Shorthanded Missed Shots48Tomas Plekanec
0%
Penalty Shot Attempts13Vincent Lecavalier
0%
Shorthanded Blocked Shots427Zbynek Michalek
0%
Blocked Shots1635Zbynek Michalek
0%
Shorthanded Hits337Zdeno Chara
0%

Score Distribution

Percentile by Number Answered

Percent of People with Each Score

Your Score History

You have not taken this quiz